Differenz und Raum : Zwischen Hegel, Wittgenstein und Derrida.

Bibliographic Details
Main Author: Quadflieg, Dirk.
Format: eBook
Language:German
Published: Bielefeld : transcript, 2015.
Edition:1st ed.
Series:Edition Moderne Postmoderne
Subjects:
Online Access:Click to View
LEADER 02749nam a22003853i 4500
001 EBC6955751
003 MiAaPQ
005 20231204023223.0
006 m o d |
007 cr cnu||||||||
008 231204s2015 xx o ||||0 ger d
020 |a 9783839408124  |q (electronic bk.) 
020 |z 9783899428124 
035 |a (MiAaPQ)EBC6955751 
035 |a (Au-PeEL)EBL6955751 
035 |a (OCoLC)1049913114 
040 |a MiAaPQ  |b eng  |e rda  |e pn  |c MiAaPQ  |d MiAaPQ 
100 1 |a Quadflieg, Dirk. 
245 1 0 |a Differenz und Raum :  |b Zwischen Hegel, Wittgenstein und Derrida. 
250 |a 1st ed. 
264 1 |a Bielefeld :  |b transcript,  |c 2015. 
264 4 |c ©2015. 
300 |a 1 online resource (365 pages) 
336 |a text  |b txt  |2 rdacontent 
337 |a computer  |b c  |2 rdamedia 
338 |a online resource  |b cr  |2 rdacarrier 
490 1 |a Edition Moderne Postmoderne 
505 0 |a Cover Differenz und Raum -- Inhaltsverzeichnis -- Einleitung: Anfänge in Differenz -- a) Das Ende des Buches - Drei Szenen -- b) Gegenstrebige Fügungen -- ZUR LOGIK DER GRAMMATIK -- 1. Modelle einer sprachimmanenten Bedeutungsgenese -- a) Begriff und Negation in der Dialektik -- b) Der Aufschub der différance in der allgemeinen Schrift -- c) Zur Logik der Elementarsätze -- 2. Verschiebung der Frage nach dem Wesen -- a) Regelverwendung im Sprachspiel -- b) Von der Spur ohne Ursprung -- c) Das Wesen als Widerspruch -- 3. Geschichte und fundamentale Zeitlichkeit -- a) Natürliche Zeit und die Erinnerung des Geistes -- b) Zeit als Gedächtnis praktischen Handelns -- c) Temporalisation und ultra-transzendentale Erfahrung -- DEN RAUM DENKEN -- 4. Am Abgrund der Reflexionsphilosophie -- a) Zur Ana-Logik der Re-Markierung -- b) Spiegelungen ohne Vor-Bild -- c) Ur-Teilung und Spekulation -- 5. Figuren des Raumes -- a) Die absolute Idee und der Kreis -- b) Zwischen Struktur und Genese: Chora -- c) Grammatischer Raum und Beispiel -- a) Zur Möglichkeit eines Denkraumes der Differenzphilosophie -- b) Überwindung der empirisch-transzendentalen Doppelstruktur -- c) Das Erbe der Geschichte -- Literatur- und Siglenverzeichnis -- Danksagung. 
588 |a Description based on publisher supplied metadata and other sources. 
590 |a Electronic reproduction. Ann Arbor, Michigan : ProQuest Ebook Central, 2023. Available via World Wide Web. Access may be limited to ProQuest Ebook Central affiliated libraries.  
655 4 |a Electronic books. 
776 0 8 |i Print version:  |a Quadflieg, Dirk  |t Differenz und Raum  |d Bielefeld : transcript,c2015  |z 9783899428124 
797 2 |a ProQuest (Firm) 
830 0 |a Edition Moderne Postmoderne 
856 4 0 |u https://ebookcentral.proquest.com/lib/matrademy/detail.action?docID=6955751  |z Click to View